แสดงรายละเอียดบรรณานุกรม
  กลับหน้าหลัก

Brief Record : Get Marc (ISO 2709) : E-mail record : QR code ปิดหน้าต่าง
สารบัญ Review โดย
ใช้งานได้ทุกระบบ
ห้องสมุด วพบ.ขอนแก่น
ใช้งานได้ทุกระบบ เมื่อ2/กุมภาพันธ์/2558
  1. สถิติควรรู้เกี่ยวกับมะเร็งเต้านม
  2. ทำความรู้จักมะเร็งเต้านม
  3. เรียนรู้วิธีการตรวจเต้านม
  4. ใครคือกลุ่มเสี่ยงมะเร็งเต้านม
  5. นานาวิธีการรักษามะเร็งเต้านมตามแบบพทย์แผนปัจจุบัน
  6. ป้องกันไว้ก่อน...ช่วยลดความเสี่ยง
  7. แพทย์ทางเลือกกับการรักษามะเร็งเต้านม
  8. กินต้านมะเร็งเต้านม
  9. สุดยอดอาหารป้องกันและรักษามะเร็งเต้านม
  10. รวบรวมงานวิจัย 4 สมุนไพร ยับยั้งมะเร็งเต้านม
  11. ประสบการณ์จริงจากผู้ป่วยมะเร็งเต้านม
  12. อาหารต้านมะเร็ง
  13. เครื่องดื่มต้านมะเร็ง
  14. บทส่งท้าย : บัญญัตฺ 8 ประการ ลดความเสี่ยงมะเร็งเต้านม

E-books : เกี่ยวกับ Collections
LEADER 00000nam 2200000uu 4500
001    208771
003     ULIBM
008    121214s2554||||th 000 0 tha d
020    ^a9786167460420
040    ^abcnkk
041 0  ^atha
060  4 ^aQU145 อ525ก 2554
100 0  ^aอัญชุลี อุธา
245 00 ^aกินต้านมะเร็งเต้านม./^bอัญชุลี อุธา
260    ^aกรุงเทพฯ : ^bบีเวลล์ สปีเชียล,^c2554
300    ^a163 หน้า;^bภาพประกอบ ;^c21 ซม.
650  4 ^aโภชนบำบัด
650  4 ^aสารตันมะเร็ง
650  4 ^aมะเร็ง ^xโภชนบำบัด
650  4 ^aเต้านม ^xมะเร็ง ^xการรักษา
999    ^aใช้งานได้ทุกระบบ
รายการนี้ยังไม่มีแท็ก
คุณยังไม่ได้ล็อกอิน คุณสามารถมีกิจกรรมร่วมกับเว็บไซต์ได้ แต่ต้องล็อกอินก่อน ::
  ล็อกอิน
ลำดับที่ ประเภท เลขเรียก สถานที่ สถานะ
1. หนังสือทั่วไป
หนังสือทั่วไป
QU145 อ525ก 2554 ฉ.2 
  
หนังสือทั่วไป On Shelf
  ขอยืม
Note:ปีงบประมาณ 2555
2. หนังสือทั่วไป
หนังสือทั่วไป
QU145 อ525ก 2554 ฉ.3 
  
หนังสือทั่วไป On Shelf
  ขอยืม
Note:ปีงบประมาณ 2555
3. หนังสือทั่วไป
หนังสือทั่วไป
QU145 อ525ก 2554 ฉ.4 
  
หนังสือทั่วไป On Shelf
  ขอยืม
Note:ปีงบประมาณ 2555
4. หนังสือทั่วไป
หนังสือทั่วไป
QU145 อ525ก 2554 ฉ.6 
  
หนังสือทั่วไป On Shelf
  ขอยืม
Note:ปีงบประมาณ 2555
5. หนังสือทั่วไป
หนังสือทั่วไป
QU145 อ525ก 2554 ฉ.7 
  
หนังสือทั่วไป On Shelf
  ขอยืม
Note:ปีงบประมาณ 2555
6. หนังสือทั่วไป
หนังสือทั่วไป
QU145 อ525ก 2554 ฉ.10 
  
หนังสือทั่วไป On Shelf
  ขอยืม
Note:ปีงบประมาณ 2555
   [แสดง 6/6 รายการ]

รายการใกล้เคียง
    หัวเรื่อง [โภชนบำบัด]

BibComment


ยังไม่เคยถูกคอมเมนท์

คอมเมนท์ทรัพยากรรายการนี้
  คอมเมนท์: กินต้านมะเร็งเต้..
Bib 208771

 
 
 

 Union Library Management : ULibM
Copyright 2026. All Rights Reserved.
скачать бесплатно без регистрации порно красивый секс HD Sex Hindi sex

xxx gou

xxxx

bfxxx

xxxwww

Секса Видео

xxxx

Секса Видео

detube

geilexxx

C99 Shell

worms shell

blod xxx video
Ebony Coed Rihanna Rimes Takes A Dick In Her Young Twat priyaa indian fuck anal and pusssy hardcore indian women xxx desi hardcore fucking part 1 bengalixxxcouple